00000000nas##2200000za#4500
0019.514507
003CaOODSP
00520210615082857
007ta
008150406c2002||||xxc|| m #||||f|   |0eng|d
040 |aCaOODSP|beng
043 |an-cn---
0861 |aE100-2E
1102 |aNAFTA Secretariat.
24510|aBinational Panel review pursuant to Article 1904 of the North American Free Trade Agreement
2461 |iVariant title : |aBinational Panel review under the North American Free Trade Agreement. Article 1904
260 |aOttawa - Ontario : |bNAFTA Secretariat
310 |aIrregular
5203 |aPresents decisions related to disputes over the North American Free Trade Agreement (NAFTA) based on a binational panel review process. Chapter 19 of NAFTA provides for binational panel review of anti-dumping, countervailing duty, and injury final determinations. Panels may also review amendments made by either Canada, the United States, or Mexico to their anti-dumping or countervailing duty law.
563 |aSoftcover
77508|tExamen par un groupe spécial binational constitué en vertu de l'article 1904 de l'Accord de libre-échange nord-américain |w(CaOODSP)9.512915